MUSLIM LAW (Record no. 9695)

MARC details
000 -LEADER
fixed length control field 00286nam a22001337a 4500
003 - CONTROL NUMBER IDENTIFIER
control field SGT
082 ## - DEWEY DECIMAL CLASSIFICATION NUMBER
Classification number 340.590954,MAH
100 ## - MAIN ENTRY--PERSONAL NAME
Personal name MAHMOOD,TAHIR
245 ## - TITLE STATEMENT
Title MUSLIM LAW
260 ## - PUBLICATION, DISTRIBUTION, ETC. (IMPRINT)
Place of publication, distribution, etc NEW DELHI
Name of publisher, distributor, etc UNIVERSAL BOOKS
Year of Publication 2013
300 ## - PAGE DESCRIPTION
No. of Pages 500
650 ## - SUBJECT ADDED ENTRY--TOPICAL TERM
Topical term or geographic name as entry element MUSLIM LAW IN INDIA
942 ## - ADDED ENTRY ELEMENTS (KOHA)
Source of classification or shelving scheme Dewey Decimal Classification
Koha item type Books
Holdings
Withdrawn status Lost status Source of classification or shelving scheme Damaged status Not for loan Collection code Home library Current library Shelving location Date acquired Vendor Name Cost, normal purchase price SGTU Bill Number Total Checkouts Full call number Accession No. (Barcode) Date last seen Bill Date Koha item type Date last borrowed
  Long Overdue (Lost) Dewey Decimal Classification     LAW SGT Science & Social Sciences Library SGT Science & Social Sciences Library Text Book 27/07/2016 JUPITER LAW BOOK COMPANY 625.00 SGTU 856   340.590954,MAH FL298 27/07/2016 31/10/2014 Books  
    Dewey Decimal Classification     LAW SGT Science & Social Sciences Library SGT Science & Social Sciences Library Text Book 27/07/2016 JUPITER LAW BOOK COMPANY 625.00 SGTU 856 3 340.590954,MAH FL299 20/05/2017 31/10/2014 Books 10/05/2017